| 000 | 01786cam a2200421 a 4500 | ||
|---|---|---|---|
| 001 | 14547745 | ||
| 003 | OSt | ||
| 005 | 20070126201110.0 | ||
| 008 | 060912s2007 njua b 001 0 eng | ||
| 010 | _a 2006030150 | ||
| 015 |
_aGBA580567 _2bnb |
||
| 016 | 7 |
_a013297692 _2Uk |
|
| 020 | _a0131480049 (pbk. : alk. paper) | ||
| 020 | _a9780131480049 (pbk. : alk. paper) | ||
| 020 | _a9780131480049 | ||
| 035 | _a(OCoLC)ocm71329920 | ||
| 035 |
_a(OCoLC)71329920 _z(OCoLC)61703419 |
||
| 040 |
_aDLC _cDLC _dBAKER _dUKM _dC#P _dYDXCP _dMUQ _dDLC |
||
| 050 | 0 | 0 |
_aQA76.76.O63 _bN44 2007 |
| 082 | 0 | 0 |
_a005.4/32 _222 |
| 100 | 1 | _aNemeth, Evi. | |
| 245 | 1 | 0 |
_aLinux administration handbook / _cEvi Nemeth, Garth Snyder, Trent R. Hein, with Lynda McGinley ... [et al.]. |
| 250 | _a2nd ed. | ||
| 260 |
_aUpper Saddle River, NJ : _bPrentice Hall, _cc2007. |
||
| 300 |
_axxxvii, 1001 p. : _bill. ; _c24 cm. |
||
| 500 | _aPrevious ed.: 2002. | ||
| 504 | _aIncludes bibliographical references and index. | ||
| 630 | 0 | 0 | _aLinux. |
| 650 | 0 | _aOperating systems (Computers) | |
| 700 | 1 | _aSnyder, Garth. | |
| 700 | 1 | _aHein, Trent R. | |
| 856 | 4 | 1 |
_3Table of contents only _uhttp://www.loc.gov/catdir/toc/ecip0620/2006030150.html |
| 906 |
_a7 _bcbc _corignew _d1 _eecip _f20 _gy-gencatlg |
||
| 942 |
_2lcc _cBK |
||
| 999 |
_c36377 _d36377 |
||